000 00686 a2200193 4500
005 20260218101510.0
008 260218b |||||||| |||| 00| 0 eng d
020 _a9789349180680
_cरु 250.00
040 _aMAIN
100 _aराघव, रांगेय
110 _aपाठक, सविता, सम्पा.
245 _aधरोहर कहानियाँ : रांगेय राघव
250 _aLatest edition
260 _bलोकभारती प्रकाशन
_c2025
_aप्रयागराज
300 _a157
650 _aहिन्दी साहित्य
651 _aकहानी-संग्रह
942 _cHN
999 _c393967
_d393967